Inside COM

Αποθηκεύτηκε σε:
Λεπτομέρειες βιβλιογραφικής εγγραφής
Κύριος συγγραφέας: Rogerson, Dale 1966-
Μορφή: Βιβλίο
Γλώσσα:English
Δημοσίευση: Redmond, Wash. : Microsoft press, c1997
Σειρά:Microsoft programming series
Θέματα:
Ετικέτες: Προσθήκη ετικέτας
Δεν υπάρχουν, Καταχωρήστε ετικέτα πρώτοι!

MARC

LEADER 00000nam a2200000 i 4500
001 1/99938
008 000303s1997 eng d
020 |a 1572313498 
035 |l 10057078 
040 |a GR-MY-UA  |b gre  |e aacr 
041 0 |a eng 
082 0 |a 005.2762 
100 1 |a Rogerson, Dale  |d 1966- 
245 1 0 |a Inside COM /  |c Dale Rogerson 
260 |a Redmond, Wash. :   |b Microsoft press,   |c c1997 
300 |a xxiii, 376 p.;  |b ill.;  |c 24 cm.+  |e 1 computer laser optical disc (4 3/4 in.) 
490 1 |a Microsoft programming series 
504 |a Includes index 
650 0 0 |a Object-oriented programming (Computer science) 
650 0 0 |a C++ (Computer program language) 
830 0 |a Microsoft programming series 
852 |a INST  |b SAMOS  |e 20000303  |h 005.2762 ROG  |p 005300015726  |q 005300015726  |t BK  |y 0 
852 |a INST  |b SAMOS  |e 20000303  |h 005.2762 ROG   |p 005300018085  |q 005300018085  |t BK  |y 0 
901 |a BIBL3-2000-1 
909 |a Σ  |b 072587 
909 |a Σ  |b 072588 
922 |a 3ΕΛΗ  |b 199912  |c ΤΠΕΣ  |d ΠΑΠΑΣΩΤΗΡΙΟΥ 
950 |a 133-1999-07-20 
970 |a ΓΕΝΟΥΖΟΥ  |b ΧΡΥΣΑΝΘΗ  |z 2000/03/03